Social behavior (Record no. 76570)

MARC details
000 -LEADER
fixed length control field 00692nam a2200157 a 4500
008 - FIXED-LENGTH DATA ELEMENTS--GENERAL INFORMATION
fixed length control field 120416s1967 ||||||||||||||||| || u
050 ## - LIBRARY OF CONGRESS CALL NUMBER
Classification number HM 66 Soc
100 ## - MAIN ENTRY--PERSONAL NAME
Personal name Malpass, Leslie F
245 10 - TITLE STATEMENT
Title Social behavior
Statement of responsibility, etc. edited by Leslie F. Malpass
246 ## -
-- a program for self-instruction
260 ## - PUBLICATION, DISTRIBUTION, ETC.
Place of publication, distribution, etc. New York
Name of publisher, distributor, etc. McGraw-Hill
Date of publication, distribution, etc. 1967
300 ## - PHYSICAL DESCRIPTION
Extent xix, 491p. : ill
350 ## -
-- 0.00
995 ## -
-- ANNEX COLLECTION (Main Library)
-- 0.00
-- 040896
-- CBU-MAIN LIBRARY (Kitwe)
-- 2
-- 0.00
-- HM 66 Soc
-- 1
-- AVAILABLE
-- 008694
-- Annex Low-Usage Collection
995 ## -
-- MAIN LIBRARY OPEN ACCESS
-- 0.00
-- 54210
-- CBU-MAIN LIBRARY (Kitwe)
-- 1
-- 0.00
-- HM 66 Soc
-- 2
-- AVAILABLE
-- 008695
-- Main Library Open Access Collection
999 ## -
-- 76570
-- 76570
Holdings
Withdrawn status Lost status Source of classification or shelving scheme Damaged status Not for loan Permanent Location Current Location Shelving location Date acquired Total Checkouts Full call number Barcode Date last seen Copy number Price effective from Koha item type
          CBU-MAIN LIBRARY, KITWE. CBU-MAIN LIBRARY, KITWE.   04/25/2023   HM 66 Soc 008694 04/25/2023 1 04/25/2023 MONOGRAPH
          CBU-MAIN LIBRARY, KITWE. CBU-MAIN LIBRARY, KITWE.   04/25/2023   HM 66 Soc 008695 04/25/2023 2 04/25/2023 MONOGRAPH